Estadísticas para Paradas de Madrid con Metro y Cercanías

Haz click aquí para intentar la prueba.

Estadísticas generales

  • Esta prueba ha sido intentada 35 veces
  • La puntuación promedio es 15 de 24

Estadísticas de respuestas

Línea de MetroEstación% Correcto
L1 L2 L3 / L1 L5Sol / Gran Vía
88%
L1 L10Chamartín
84%
L6 L8 L10Nuevos Ministerios
84%
L6 L10 RPríncipe Pío
84%
L1Atocha
81%
L12Alcorcón / Alcorcón Central
75%
L12Fuenlabrada / Fuenlabrada Central
75%
L12Getafe Centro / Getafe Central
75%
L12Móstoles / Móstoles Central
75%
L12Leganés / Leganés Central
72%
L8Aeropuerto T4
69%
L7Pitis
59%
L7Coslada / Coslada Central
56%
L6Méndez Álvaro
53%
L1Vallecas / Sierra de Guadalupe
53%
L3Embajadores
50%
L3Villaverde Alto
50%
L5Aluche
47%
L6Laguna
47%
L9Vicálvaro / Puerta de Arganda
47%
L10Cuatro Vientos
41%
L12El Casar
41%
L5Pirámides
41%
L9Mirasierra / Paco de Lucía
38%

Distribución de puntuación

Porcentaje por número respondido

Porcentaje de gente con cada puntuación

Historial de tus puntuaciones

No has intentado esta prueba.